Регионална библиотека "Любен Каравелов" - Русе

Тарас Шевченко на български (Запис номер 343126)

MARC детайли
000 -Лидер
Контролно поле с фиксирана дължина 01027nam a2200289 c 4500
003 - Код на организацията, давaща контролен номер
Контролно поле BLK
005 - Дата и час на последна редакция
Контролно поле 20190913121218.0
008 - Елементи от данни с фиксирана дължина
fixed length control field 180911b bul|||||r ||||||| ||bul||
010 ## - Наследен системен номер
LC control number 002787
040 ## - Източник на каталожния запис
Идентификатор на билиотеката - собственик на записа BLK
041 ## - Код за език
Код за езика на текст/звукозапис или на отделно заглавие Български
080 ## - УДК
Текстов определител УДК Шевченко, Тарас
УДК определител 92
УДК - код + определител 883(092)92
100 1# - Редна дума - Автор
Автор ЧИЛИНГИРОВ, Стилиян
Авторска отговорност първи автор
245 00 - Сведения за заглавието
Заглавие Тарас Шевченко на български
260 ## - Област на издателските данни
Място на издаване, разпространение и проч. София
Година на издаване 1920
300 ## - Физическа характеристика
Страници 11 с
Размери/Мащаб 23 см
380 ## - Жанр
Жанр Литературознание
490 ## - СЕРИИ (Колекции)
Име на серия Частна колекция - Академик Михаил Арнаудов
Бележки за серията Дарение - Основен фонд
501 ## - Забележка „подвързано към”
Забележка: Подвързано към... Отпеч. от Сб. в чест на Ив. Д. Шишманов : 1920. - с. 62-73.
520 ## - Забележка за наличие на резюме, анотация и т.н
Анотация, рецензия, сканиран текст Михаил Арнаудов: подпис
650 ## - Допълнително описание по предмет – тема
Основно описание – тема или топоним Биографии
650 ## - Допълнително описание по предмет – тема
Основно описание – тема или топоним Писатели
655 ## - Ключова дума – жанр/разновидност
Данни за жанр/разновидност или ключова дума за фокус украинска литература
700 1# - Други автори (авторска отговорност)
Лично име Ст. Чилингиров
852 ## - Местоположение
Форматна сигнатура МА 3756
942 ## - АРТИКУЛИ
Вид на библиотечния материал Книги
Скрит в OPAC Не
944 ## - СЪЗДАВАНЕ И РЕДАКЦИЯ на ЗАПИСА
Създаване/Редакция Създаване
Дата на регистрацията/редакция 1994
999 ## - СИСТЕМНИ КОНТРОЛНИ НОМЕРА
Koha biblionumber 343126
Koha biblioitemnumber 343126
Наличности
Код за отписване Код за изгубен артикул Източник на класификационната схема Код за повреда Коз за рестрикции Код за отдаване Артикулен № Име на библиотеката - собственик Име на библиотеката, в която се намира в момента Статус (Текущо местоположение) Местоположение - отдел Цена в лева Инвентарен номер Систематично азбучна сигнатура Баркод Номер на екземпляра Цена в евро Служебен тип на артикула Бележка за публиката
  Не е изгубен Universal Decimal Classification Не е повреден само за читалня Специални фондове ( старопечатни, редки и ценни, фонд М. Арнаудов) 743281 Регионална библиотека "Любен Каравелов" Русе Регионална библиотека "Любен Каравелов" Русе Фонд "Михаил Арнаудов" Фонд "Михаил Арнаудов" 1.00 591328 МА 3756 120000591328 1 0.51 Книги ; подпис;
Vip Innovations Ltd, Rousse, Bulgaria 2025